[Event "Wunsiedel op 12th"]
[Site "Wunsiedel"]
[Date "2018.05.20"]
[Round "7"]
[White "Hess, Max"]
[Black "Shashkin, Igor"]
[Result "1-0"]
[WhiteElo "2334"]
[BlackElo "2077"]
[PlyCount "91"]
[EventDate "2018.05.17"]
[EventType "swiss"]
[EventRounds "9"]
[EventCountry "GER"]
[SourceTitle "CBM 184 Extra"]
[Source "ChessBase"]
[SourceDate "2018.06.28"]
[SourceVersion "1"]
[SourceVersionDate "2018.06.28"]
[SourceQuality "1"]

1. d4 Nf6 2. Bf4 b6 3. e3 Bb7 4. Nf3 e6 5. Bd3 h6 6. h3 g5 7. Bh2 d6 8. c4 Nbd7 9. Nc3 a6 10. e4 c5 11. d5 e5 12. Nd2 Be7 13. Nf1 Nf8 14. Ne3 Ng6 15. Qd2 Bc8 16. 0-0-0 Kd7 17. f3 Kc7 18. Bg1 Nh5 19. Bf2 Bd7 20. a3 Ngf4 21. Bf1 Ng7 22. Qc2 Qc8 23. b4 Rb8 24. Kb1 Kb7 25. Ka2 Ka8 26. Rb1 Qc7 27. Rb3 Ng6 28. Bd3 Rb7 29. Rhb1 Rhb8 30. Be1 h5 31. Qd1 Nf4 32. Bc2 h4 33. R3b2 Ka7 34. Ba4 Ka8 35. Bc6 Bxc6 36. dxc6 Qxc6 37. b5 axb5 38. Nxb5 Re8 39. Qa4+ Kb8 40. Qa6 Bd8 41. Ba5 Ree7 42. Nc3 Kc8 43. Ncd5 Nxd5 44. Nxd5 Re6 45. Nxb6+ Bxb6 46. Rxb6 1-0

[Event "Wunsiedel op 12th"]
[Site "Wunsiedel"]
[Date "2018.05.20"]
[Round "6"]
[White "Shashkin, Igor"]
[Black "Boe, Mads"]
[Result "1/2-1/2"]
[WhiteElo "2077"]
[BlackElo "2308"]
[PlyCount "72"]
[EventDate "2018.05.17"]
[EventType "swiss"]
[EventRounds "9"]
[EventCountry "GER"]
[SourceTitle "CBM 184 Extra"]
[Source "ChessBase"]
[SourceDate "2018.06.28"]
[SourceVersion "1"]
[SourceVersionDate "2018.06.28"]
[SourceQuality "1"]

1. e4 c6 2. d4 d5 3. exd5 cxd5 4. Bd3 Nc6 5. c3 Nf6 6. h3 g6 7. Bf4 Bf5 8. Bxf5 gxf5 9. Nf3 e6 10. Qb3 Qb6 11. Qxb6 axb6 12. Nbd2 Be7 13. Ke2 Rg8 14. Rhg1 h5 15. Ne5 Ne4 16. Nd3 b5 17. Nb3 b6 18. f3 Nd6 19. a3 h4 20. Nd2 Nc4 21. Rad1 Kd7 22. Nf1 f6 23. Ne3 Rae8 24. Bh2 Bf8 25. Nxc4 bxc4 26. Nb4 Nxb4 27. axb4 Ra8 28. Kf2 Bd6 29. Bxd6 Kxd6 30. f4 Rg3 31. Rd2 Rag8 32. Re2 Kd7 33. Ree1 Ra8 34. Re2 Rag8 35. Ree1 Ra8 36. Re2 Rag8 1/2-1/2

[Event "Regionalliga NW 1516"]
[Site "Bayern"]
[Date "2016.02.21"]
[Round "7.1"]
[White "Shashkin, Igor"]
[Black "Englert, Fabian"]
[Result "0-1"]
[WhiteElo "2056"]
[BlackElo "2371"]
[PlyCount "54"]
[EventDate "2015.10.11"]
[EventType "team-tourn"]
[EventRounds "9"]
[EventCountry "GER"]
[SourceTitle "EXT 2018"]
[Source "ChessBase"]
[SourceDate "2017.10.13"]
[SourceVersion "1"]
[SourceVersionDate "2017.10.13"]
[SourceQuality "1"]
[WhiteTeam "Hof PTSV"]
[BlackTeam "Klingenberg"]
[WhiteTeamCountry "GER"]
[BlackTeamCountry "GER"]

1. c4 e6 2. Nc3 d5 3. d4 Bb4 4. Qc2 dxc4 5. e3 b5 6. a4 c6 7. b3 a5 8. bxc4 Bxc3+ 9. Qxc3 b4 10. Qc2 Nf6 11. Nf3 c5 12. Bb2 0-0 13. Be2 Nbd7 14. 0-0 Bb7 15. Nd2 Qc7 16. f4 cxd4 17. exd4 Nd5 18. Qb3 Nxf4 19. Bf3 Bxf3 20. Rxf3 e5 21. dxe5 Ne6 22. Rh3 Ndc5 23. Qc2 h6 24. Nf3 Qc6 25. Rh4 Rad8 26. Qf5 Nxa4 27. Nd4 Qc5 0-1

[Event "Regionalliga NW 1516"]
[Site "Bayern"]
[Date "2015.10.11"]
[Round "1.1"]
[White "Vavra, Pavel"]
[Black "Shashkin, Igor"]
[Result "1-0"]
[WhiteElo "2326"]
[BlackElo "2056"]
[PlyCount "53"]
[EventDate "2015.10.11"]
[EventType "team-tourn"]
[EventRounds "9"]
[EventCountry "GER"]
[SourceTitle "EXT 2018"]
[Source "ChessBase"]
[SourceDate "2017.10.13"]
[SourceVersion "1"]
[SourceVersionDate "2017.10.13"]
[SourceQuality "1"]
[WhiteTeam "Wuerzburg"]
[BlackTeam "Hof PTSV"]
[WhiteTeamCountry "GER"]
[BlackTeamCountry "GER"]

1. d4 g6 2. e4 Bg7 3. Nc3 d6 4. Be3 Nf6 5. h3 c6 6. f4 Qa5 7. Qd2 0-0 8. Nf3 Nbd7 9. Bd3 e5 10. 0-0 exd4 11. Bxd4 Kh8 12. Qf2 Kg8 13. Rae1 Nc5 14. f5 Nxd3 15. cxd3 Qd8 16. g4 Nd7 17. Bxg7 Kxg7 18. d4 f6 19. Qg3 Qe7 20. g5 Kh8 21. fxg6 hxg6 22. Nh4 Qg7 23. Qxd6 Kh7 24. Nf3 f5 25. exf5 gxf5 26. Re7 Rf7 27. Rfe1 1-0

[Event "Wunsiedel op 9th"]
[Site "Wunsiedel"]
[Date "2015.05.16"]
[Round "6"]
[White "Shashkin, Igor"]
[Black "Zeller, Frank"]
[Result "0-1"]
[WhiteElo "2124"]
[BlackElo "2396"]
[PlyCount "81"]
[EventDate "2015.05.14"]
[EventType "swiss"]
[EventRounds "7"]
[EventCountry "GER"]
[SourceTitle "CBM 166 Extra"]
[Source "ChessBase"]
[SourceDate "2015.06.18"]
[SourceVersion "1"]
[SourceVersionDate "2015.06.18"]
[SourceQuality "1"]

1. c4 Nf6 2. Nf3 c5 3. d4 cxd4 4. Nxd4 b6 5. Bg5 Bb7 6. Nc3 a6 7. f3 e6 8. e4 d6 9. Be2 Be7 10. Qd2 Nbd7 11. 0-0 Rc8 12. Rfd1 h6 13. Be3 Ne5 14. b3 g5 15. a4 Rg8 16. a5 bxa5 17. Qa2 Qc7 18. Bf1 g4 19. f4 Ned7 20. Bd3 g3 21. h3 Nc5 22. Qc2 Rb8 23. Rab1 Ba8 24. Re1 Rb4 25. Na2 Nxd3 26. Qxd3 Bxe4 27. Qd2 Rb8 28. Ne2 a4 29. b4 Bxb1 30. Rxb1 Qxc4 31. Rc1 Qd5 32. Qc2 Qb3 33. Qc6+ Kf8 34. Nec3 Kg7 35. Qf3 Kh7 36. Qe2 Rbc8 37. Qd3+ Rg6 38. Qxa6 Qc4 39. Qxa4 Qd3 40. Qa7 Nd5 41. Bd4 0-1

[Event "Wunsiedel op 9th"]
[Site "Wunsiedel"]
[Date "2015.05.15"]
[Round "3"]
[White "Schmid, Roland1"]
[Black "Shashkin, Igor"]
[Result "1-0"]
[WhiteElo "2311"]
[BlackElo "2124"]
[PlyCount "103"]
[EventDate "2015.05.14"]
[EventType "swiss"]
[EventRounds "7"]
[EventCountry "GER"]
[SourceTitle "CBM 166 Extra"]
[Source "ChessBase"]
[SourceDate "2015.06.18"]
[SourceVersion "1"]
[SourceVersionDate "2015.06.18"]
[SourceQuality "1"]

1. d4 g6 2. c4 Bg7 3. e4 d6 4. Nc3 Nc6 5. Be3 e5 6. Nge2 Nf6 7. f3 0-0 8. d5 Ne7 9. g4 Ne8 10. Qd2 f5 11. gxf5 gxf5 12. 0-0-0 f4 13. Bf2 Ng6 14. h4 Bf6 15. h5 Nh8 16. Bh3 Bxh3 17. Rdg1+ Bg5 18. Rxh3 h6 19. Kb1 Kh7 20. c5 Rg8 21. Qc2 Rg7 22. Rhh1 Nf7 23. Nc1 Be7 24. Nd3 Ng5 25. Qe2 Qd7 26. Nb4 dxc5 27. Nd3 Nf7 28. Bxc5 Bd6 29. Bf2 Nf6 30. Rxg7+ Kxg7 31. Bh4 Nh7 32. Nd1 Nhg5 33. N1f2 c5 34. dxc6 Qxc6 35. Rc1 Qd7 36. Ng4 Rc8 37. Rxc8 Qxc8 38. Bxg5 hxg5 39. Qc2 Qxc2+ 40. Kxc2 Kf8 41. Kc3 Ke7 42. Kc4 Ke6 43. Nc5+ Bxc5 44. Kxc5 Nd6 45. h6 Nf7 46. h7 Nh8 47. a4 Kf7 48. Kd6 Kg6 49. Kxe5 Kxh7 50. Kf6 Ng6 51. Kxg5 Kg7 52. Kf5 1-0

[Event "Bayern-ch"]
[Site "Rosenheim"]
[Date "2014.08.29"]
[Round "9"]
[White "Heimrath, Reiner"]
[Black "Shashkin, Igor"]
[Result "1/2-1/2"]
[WhiteElo "2192"]
[BlackElo "2115"]
[PlyCount "168"]
[EventDate "2014.08.23"]
[EventType "swiss"]
[EventRounds "9"]
[EventCountry "GER"]
[SourceTitle "EXT 2015"]
[Source "ChessBase"]
[SourceDate "2014.11.20"]
[SourceVersion "1"]
[SourceVersionDate "2014.11.20"]
[SourceQuality "1"]

1. e4 d6 2. Nf3 Nf6 3. Nc3 g6 4. d4 Bg7 5. Bg5 0-0 6. Qd2 c6 7. a4 a5 8. Be2 Na6 9. h3 Nb4 10. 0-0 Qc7 11. Rac1 e5 12. Bh6 Re8 13. Bxg7 Kxg7 14. Rfd1 Nh5 15. Bf1 Nf4 16. Ne2 Nxe2+ 17. Bxe2 f6 18. c3 Na6 19. b4 Be6 20. b5 Nb8 21. c4 c5 22. dxe5 dxe5 23. Qd6 Qxd6 24. Rxd6 Nd7 25. Rcd1 Rad8 26. Nd2 Kf7 27. Nb3 b6 28. Kf1 Ke7 29. Ke1 Rb8 30. Rc6 Rec8 31. Rdd6 Rxc6 32. Rxc6 Rb7 33. Rc8 Nf8 34. Ra8 h5 35. Nd2 Bd7 36. Nf1 Ne6 37. Ne3 Nc7 38. Rh8 Be8 39. g4 hxg4 40. Bxg4 Bf7 41. h4 Ne8 42. h5 gxh5 43. Bxh5 Bxh5 44. Rxh5 Ke6 45. Rh8 Kf7 46. Nd5 Nd6 47. Rh7+ Kg6 48. Rxb7 Nxb7 49. Nxb6 f5 50. f3 Kg5 51. Nd5 fxe4 52. fxe4 Kg4 53. Ke2 Nd6 54. b6 Nb7 55. Ne7 Kf4 56. Kd3 Kg5 57. Ke3 Kf6 58. Nd5+ Ke6 59. Kf3 Kd7 60. Kg4 Nd6 61. b7 Nxb7 62. Kf5 Nd6+ 63. Kxe5 Nxc4+ 64. Kf6 Nd6 65. e5 Ne4+ 66. Kf7 Ng5+ 67. Kf6 Ne4+ 68. Kf5 Ng3+ 69. Kf4 Nh5+ 70. Kf5 Ng3+ 71. Kg4 Ne2 72. Kf3 Nd4+ 73. Ke4 Ne2 74. Kd3 Nd4 75. Nf4 Ne6 76. Ng6 Kc6 77. Kc4 Nc7 78. Ne7+ Kd7 79. Nd5 Ne6 80. Kb5 Nd4+ 81. Kxc5 Nf3 82. Nb6+ Ke6 83. Nc4 Nxe5 84. Nxa5 Nd3+ 1/2-1/2

[Event "Regionalliga NW 1213"]
[Site "Bayern"]
[Date "2013.03.17"]
[Round "8.1"]
[White "Shashkin, Igor"]
[Black "Hofstetter, Hans Joachim"]
[Result "1-0"]
[WhiteElo "2102"]
[BlackElo "2096"]
[PlyCount "83"]
[EventDate "2012.10.14"]
[EventType "team-tourn"]
[EventRounds "9"]
[EventCountry "GER"]
[SourceTitle "EXT 2015"]
[Source "ChessBase"]
[SourceDate "2014.11.20"]
[SourceVersion "1"]
[SourceVersionDate "2014.11.20"]
[SourceQuality "1"]
[WhiteTeam "Hof"]
[BlackTeam "Bad Neustadt"]
[WhiteTeamCountry "GER"]
[BlackTeamCountry "GER"]

1. c4 Nf6 2. Nf3 e6 3. g3 d5 4. Bg2 Be7 5. 0-0 0-0 6. Qc2 c5 7. d3 Nc6 8. a3 d4 9. e4 dxe3 10. fxe3 Qd6 11. Nc3 Rd8 12. Rd1 a6 13. Rb1 Rb8 14. d4 b5 15. d5 Ne5 16. Nxe5 Qxe5 17. e4 Qh5 18. cxb5 axb5 19. b4 e5 20. Rf1 cxb4 21. axb4 Bg4 22. Qd3 Rbc8 23. Rf2 Rc4 24. Ba3 Rdc8 25. Nxb5 Bd7 26. Bf3 Qh6 27. Na7 Rc3 28. Qa6 Rxa3 29. Qxa3 Ra8 30. Qc3 Rxa7 31. Qxe5 Bf8 32. Qd4 Ra4 33. e5 Ne8 34. Bd1 Ra3 35. Bb3 Bh3 36. Qb2 Bxb4 37. d6 Bc5 38. Bxf7+ Kf8 39. Bxe8+ Bxf2+ 40. Qxf2+ Kxe8 41. Rb8+ Kd7 42. Qf7+ 1-0

[Event "Wunsiedel op 6th"]
[Site "Wunsiedel"]
[Date "2012.05.18"]
[Round "3"]
[White "Maiwald, Jens Uwe"]
[Black "Shashkin, Igor"]
[Result "1-0"]
[WhiteElo "2467"]
[BlackElo "2103"]
[PlyCount "71"]
[EventDate "2012.05.17"]
[EventType "swiss"]
[EventRounds "7"]
[EventCountry "GER"]
[SourceTitle "CBM 148 Extra"]
[Source "ChessBase"]
[SourceDate "2012.06.22"]
[SourceVersion "1"]
[SourceVersionDate "2012.06.22"]
[SourceQuality "1"]

1. e4 c5 2. Nc3 d6 3. f4 Nc6 4. Bb5 Bd7 5. Nf3 a6 6. Bxc6 Bxc6 7. 0-0 g6 8. d3 Bg7 9. Qe1 Qd7 10. h3 Nf6 11. Rb1 b5 12. Qh4 b4 13. Ne2 Bb5 14. e5 Nd5 15. b3 a5 16. Bb2 a4 17. e6 Qxe6 18. Bxg7 Rg8 19. Qxh7 f6 20. Qxg6+ Qf7 21. Qxf7+ Kxf7 22. Bh6 Kg6 23. Bg5 fxg5 24. fxg5 Ne3 25. Rf2 Nxc2 26. Nf4+ Kf5 27. Nd5 Bxd3 28. Nxe7+ Ke4 29. Nxg8 Rxg8 30. Rc1 axb3 31. axb3 Na3 32. Rd2 c4 33. bxc4 Bxc4 34. Rxd6 Rf8 35. Re1+ Kf4 36. Kf2 1-0

[Event "Oberfranken-ch"]
[Site "Lichtenfels"]
[Date "2012.01.05"]
[Round "6.3"]
[White "Shashkin, Igor"]
[Black "Becker, Tobias"]
[Result "1/2-1/2"]
[WhiteElo "2119"]
[BlackElo "1827"]
[PlyCount "76"]
[EventDate "2012.01.03"]
[EventType "swiss"]
[EventRounds "7"]
[EventCountry "GER"]
[SourceTitle "EXT 2019"]
[Source "ChessBase"]
[SourceDate "2018.10.10"]
[SourceVersion "1"]
[SourceVersionDate "2018.10.10"]
[SourceQuality "1"]

1. c4 c5 2. Nf3 g6 3. d4 cxd4 4. Nxd4 Bg7 5. e4 Nc6 6. Nc2 Nf6 7. Nc3 0-0 8. Bd2 d6 9. Be2 Be6 10. 0-0 Rc8 11. Rb1 Ne5 12. b3 Bd7 13. Ne3 Bc6 14. f3 Qb6 15. Kh1 e6 16. Nc2 Qc7 17. Nd4 a6 18. Be3 h5 19. Qe1 d5 20. Nxc6 Qxc6 21. Bd4 Qc7 22. f4 Nc6 23. Bxf6 Bxf6 24. e5 d4 25. exf6 dxc3 26. Qxc3 Rfd8 27. Bxh5 Nd4 28. Qg3 Nf5 29. Qg5 Rd2 30. Bg4 Qc6 31. Bf3 Qd6 32. Rbd1 Rd8 33. g4 Qd3 34. Rc1 Rc2 35. Rce1 Qd2 36. Be2 Qe3 37. Bf3 Qd2 38. Be2 Qe3 1/2-1/2